000 00732cam a22002533a 4500
001 23186
003 PGUSA
005 20140828083508.0
008 071024s2007||||xxu|||||s|||||000 | eng d
040 _aPGUSA
_beng
042 _adc
050 4 _aCR
100 1 _aBoutell, Charles,
_d1812-1877
245 1 4 _aThe Handbook to English Heraldry
_h[electronic resource] /
_cCharles Boutell
260 _bProject Gutenberg,
_c2007
506 _aPublic domain in the USA.
516 _aElectronic text
653 _aHeraldry -- Great Britain
700 1 _aUtting, R. B.
700 1 _aFox-Davies, Arthur Charles,
_d1871-1928
830 0 _aProject Gutenberg
_v23186
856 4 0 _uhttp://www.gutenberg.org/ebooks/23186
942 _cEB
999 _c252441
_d252441